History Quiz

Random History or Letter Quiz

'K' American History Figures Quiz Stats

 Plays Quiz Updated Jun 18, 2017

Support Sporcle.
Go Orange.
Score 0/20 Timer 04:00
0 Plays Today
% Correct
Martin Luther King, Jr.
95.5%
W.K. Kellogg
94.9%
Kamehameha I
94.2%
Grace Kelly
93.7%
John F. Kennedy
92.6%
Helen Keller
92.1%
Billie Jean King
91.7%
John Kerry
91.3%
Stanley Kubrick
91.1%
Robert F. Kennedy
90.6%
% Correct
Elena Kagan
90.4%
Henry Kissinger
89.7%
Francis Scott Key
87%
Jack Kevorkian
84.1%
Jack Kerouac
83.9%
David Koresh
83%
Alfred Kinsey
80.2%
Henry Knox
79.9%
Jack Kemp
76.2%
Thomas Kinkade
75%

You're not logged in!

Compare scores with friends on all Sporcle quizzes.
OR
Log In
Forgot?

From the Vault

'ORC' Words

by caramba

We always knew there was something wrong with these words.
Remove Ads.
Support Sporcle.
Get the best of Sporcle when you Go Orange. This ad-free experience offers more features, more stats, and more fun while also helping to support Sporcle. Thank you for becoming a member.

Show Comments

Extras

Top Quizzes Today


Score Distribution

Your Account Isn't Verified!

In order to create a playlist on Sporcle, you need to verify the email address you used during registration. Go to your Sporcle Settings to finish the process.

Report this User

Report this user for behavior that violates our Community Guidelines.

Details: